01583nab a22002657a 4500999001500000003000400015005001700019008004100036040000700077100003300084245011800117260007300235300001500308500007500323505052900398505008900927650002101016650001701037650002801054650002901082650003401111650001701145773014201162942001301304 c6366d6366OSt20260131204506.0190603e xxum|||| |||| 00| 0 spa d cPJ 95577aCafferata, Juan Manuel10aAlgunas reflexiones sobre el monto máximo como límite en materia de fianza general /cJuan Manuel Cafferata.  cCiudad Autónoma de Buenos Aires :aThomson Reuters La Ley, b2025. ap. 238-245 aCita: TR LALEY AR/DOC/2863/2025 Publicado en: RCCyC 2025 (Diciembre). aSumario: I. La fianza general.— II. El monto máximo.— III. La determinación del monto máximo.— IV. ¿Puede fijarse el monto máximo en moneda extranjera?— V. Alcance del monto máximo.— VI. La cuestión de las costas.— VII. El límite de responsabilidad y la imputación del pago.— VIII. Aplicación de oficio del monto máximo.— IX. Carácter de la exigencia legal.— X. Sanción.— XI. Carácter de la nulidad.— XII. El problema del cómputo del plazo de prescripción de la nulidad.  t¿Te interesa el texto completo? Solicitalo al correo: koha@justierradelfuego.gov.ar 0aCONTRATOS 93463 0aFIANZA91929 0aMONEDA EXTRANJERA93470 0aLIQUIDACION DE INTERESES 0aEXPRESIÓN DE AGRAVIOS94129 0aCOSTAS925330 0271393170dCiudad Autónoma de Buenos Aires : Thomson Reuters La Ley, 2015-tRevista Código Civil y Comercial. Nº 6 - Diciembre 2025 2udccANA